00681nam a2200241 a 4500001001300000003000900013005001700022008004100039020002300080082001500103100001400118245002100132260003600153300000900189500003500198505001000233650001900243700001400262902000800276942000700284952013100291999001700422nice12345678IN_TiNIC20260116014011.0050524s1990 newa grp 000 0 eng  a9780140135848c29900a907.2bCAR aCarr, E H aWhat Is History? aNew DelhibPenguin Books c1990 a188p aincludes index and biblioraphy2 aIndex aHistoriography1 aCarr, E H bSRS cBK 001040708StackRoom-aHMIbHMId2012-11-08g299.00l1m1o907.2 CARp023932r2022-10-18s2022-09-28v299.00w2005-05-24yBK c13443d13443